[Event "Open Vitrolles 2022/2023"]
[Site "Vitrolles"]
[Date "2022.10.08"]
[Round "1.1"]
[White "Duval, Jean-Pierre"]
[Black "Rannou, Danielle"]
[Result "1-0"]
[WhiteElo "1622"]
[BlackElo "1098"]
[PlyCount "43"]

1. e4 e5 2. Nf3 d6 3. d4 Bg4 4. dxe5 Bxf3 5. Qxf3 dxe5 6. Bc4 Qd7 7. O-O Nf6 8.
Bg5 Be7 9. Nc3 a6 10. Rad1 Qc6 11. Bb3 O-O 12. Nd5 Bd8 13. Nxf6+ Bxf6 14. Bd5
Qb6 15. Be3 c5 16. b4 Qxb4 17. Rb1 Qa5 18. Rxb7 h6 19. Bxh6 Kh7 20. Be3 Kg8 21.
g4 Qd8 22. Bxc5 1-0

[Event "Open Vitrolles 2022/2023"]
[Site "Vitrolles"]
[Date "2022.10.08"]
[Round "1.2"]
[White "Bregier, Gerard"]
[Black "Roger, Patrick"]
[Result "0-1"]
[WhiteElo "1337"]
[BlackElo "1573"]
[PlyCount "68"]

1. d4 d5 2. Nc3 Nf6 3. Bf4 c6 4. e3 Bf5 5. f3 e6 6. g4 Bg6 7. h4 h5 8. g5 Ng8
9. Qd2 Bb4 10. Bd3 Ne7 11. Nge2 Nd7 12. a3 Ba5 13. e4 a6 14. Bd6 Rc8 15. b4 Bc7
16. Bxc7 Qxc7 17. Nf4 e5 18. Nxg6 Nxg6 19. exd5 exd4 20. Bxg6 dxc3 21. Bxf7+
Kxf7 22. Qxc3 Qe5+ 23. Qxe5 Nxe5 24. f4 Nc4 25. dxc6 Rhe8+ 26. Kf2 Rxc6 27. a4
Nd6 28. Rac1 Rc4 29. Kf3 Rxb4 30. Rcd1 Nf5 31. Rd7+ Re7 32. Rhd1 Rxd7 33. Rxd7+
Ke6 34. Rc7 Nxh4+ 0-1

[Event "Open Vitrolles 2022/2023"]
[Site "Vitrolles"]
[Date "2022.10.08"]
[Round "1.3"]
[White "Mata, Thierry"]
[Black "Bouriel, Michel"]
[Result "1-0"]
[WhiteElo "1466"]
[BlackElo "1330"]
[PlyCount "47"]

1. d4 Nf6 2. Nf3 g6 3. g3 Bg7 4. Bg2 O-O 5. c4 d6 6. Nc3 Nc6 7. O-O Bf5 8. Nh4
Bg4 9. h3 Bd7 10. b4 Qc8 11. b5 Nd8 12. Kh2 Ne6 13. e3 Rb8 14. Bb2 Ng5 15. g4
c6 16. a4 Qc7 17. f4 Ne6 18. Rc1 g5 19. Nf5 Rbe8 20. Nxg7 Kxg7 21. d5 Nc5 22.
fxg5 Ng8 23. bxc6 bxc6 24. Nb5+ 1-0

[Event "Open Vitrolles 2022/2023"]
[Site "Vitrolles"]
[Date "2022.10.08"]
[Round "1.4"]
[White "Cortes-Sobral, Maria"]
[Black "Scamaroni, Jean-Paul"]
[Result "0-1"]
[WhiteElo "1199"]
[BlackElo "1455"]
[PlyCount "76"]

1. Nf3 Nf6 2. h3 e6 3. c3 c5 4. d3 Nc6 5. Nbd2 d5 6. e3 Be7 7. Be2 b6 8. a3 Bb7
9. Qc2 Rc8 10. c4 dxc4 11. Nxc4 O-O 12. O-O Qc7 13. e4 Nd7 14. Be3 Nce5 15.
Ncxe5 Nxe5 16. Bf4 Nxf3+ 17. Bxf3 Qxf4 18. Qe2 Bd6 19. g3 Qh6 20. Qe3 Qg6 21.
Qe2 f5 22. Bh5 Qf6 23. Qf3 Qxb2 24. Kg2 fxe4 25. Qe3 exd3+ 26. Kg1 Qe5 27. Qxe5
Bxe5 28. Bd1 Bxa1 29. Bb3 c4 30. Ba4 Bb2 31. Bd7 Rc7 32. Bxe6+ Kh8 33. a4 c3
34. Bb3 c2 35. Bxc2 dxc2 36. h4 c1=Q 37. Rxc1 Rxc1+ 38. Kh2 Rh1# 0-1

[Event "Open Vitrolles 2022/2023"]
[Site "Vitrolles"]
[Date "2022.10.08"]
[Round "1.5"]
[White "Cens, Alain"]
[Black "Daubord, Christophe"]
[Result "1-0"]
[WhiteElo "1444"]
[BlackElo "1199"]
[PlyCount "89"]

1. c4 e6 2. g3 g6 3. Bg2 Bg7 4. Nc3 Nf6 5. Nf3 O-O 6. O-O Na6 7. d3 Qe8 8. a3
e5 9. b4 e4 10. Ng5 Qe5 11. d4 Qe7 12. b5 Nb8 13. Ngxe4 c6 14. a4 d5 15. Ba3
Qd8 16. Nxf6+ Qxf6 17. Bxf8 Bxf8 18. cxd5 Bd7 19. e3 a6 20. bxc6 bxc6 21. Rb1
a5 22. Ne4 Qd8 23. Nc5 Be8 24. Qb3 Qc8 25. Qb7 Qxb7 26. Rxb7 Bd6 27. Rfb1 Na6
28. Nxa6 Rxa6 29. dxc6 Ra8 30. c7 Rc8 31. Rb8 Rxb8 32. cxb8=Q Bxb8 33. Rxb8 Kf8
34. Bc6 Kg7 35. Bxe8 Kf6 36. Rb5 Ke7 37. Bc6 Kd6 38. d5 Ke7 39. Rxa5 Kd8 40.
Rb5 Ke7 41. a5 Kd8 42. Rb7 Kc8 43. a6 Kd8 44. a7 Kc8 45. a8=R# 1-0

[Event "Open Vitrolles 2022/2023"]
[Site "Vitrolles"]
[Date "2022.10.08"]
[Round "1.6"]
[White "Guillaud, Florence"]
[Black "Briquet, Xavier"]
[Result "0-1"]
[WhiteElo "1199"]
[BlackElo "1424"]
[PlyCount "78"]

1. Nf3 Nc6 2. g3 e5 3. d3 d5 4. Bg2 Nf6 5. O-O Be7 6. Re1 Bg4 7. c4 dxc4 8. Nc3
cxd3 9. h3 Bf5 10. e4 Bg6 11. Qb3 Rb8 12. Ng5 Nd4 13. Qa4+ c6 14. Rb1 a6 15.
Qc4 b5 16. Qxd3 O-O 17. f4 exf4 18. Bxf4 Rc8 19. a3 Bc5 20. Kh1 h6 21. Nf3 Nxf3
22. Qxf3 Qb6 23. Be3 Rfe8 24. Bxc5 Qxc5 25. Rbd1 Rcd8 26. Rxd8 Rxd8 27. Rd1
Rxd1+ 28. Qxd1 Qe3 29. Kh2 Nxe4 30. Qd8+ Kh7 31. Qe7 Qxg3+ 32. Kh1 Nf2+ 33. Kg1
Nxh3+ 34. Kh1 Nf4 35. Qe4 Bxe4 36. Bxe4+ g6 37. Nd1 Qe1+ 38. Kh2 Qxe4 39. Nf2
Qg2# 0-1

[Event "Open Vitrolles 2022/2023"]
[Site "Vitrolles"]
[Date "2022.10.08"]
[Round "1.7"]
[White "Chauvet, Joelle"]
[Black "Schoeni, Christine"]
[Result "1-0"]
[WhiteElo "1400"]
[BlackElo "1199"]
[PlyCount "91"]

1. d4 d5 2. Nf3 e6 3. e3 Nc6 4. c4 Nf6 5. Nc3 Bb4 6. Bd2 O-O 7. Qb3 Ne4 8. cxd5
Nxc3 9. bxc3 exd5 10. cxb4 Be6 11. Bd3 b6 12. O-O a5 13. Rac1 a4 14. Qb1 Ne7
15. Bxh7+ Kh8 16. Ng5 g6 17. e4 f5 18. Nxe6 Qd7 19. Nxf8 Rxf8 20. Rc3 Kxh7 21.
Rh3+ Kg7 22. Bh6+ Kf7 23. Bxf8 Kxf8 24. e5 Nc6 25. Rd1 b5 26. a3 Qe6 27. Qc1
Ke7 28. Qc5+ Kd7 29. Rh7+ Ne7 30. Rc1 c6 31. Qa7+ Ke8 32. Qa8+ Kd7 33. Qb7+ Ke8
34. Rh8+ Kf7 35. Rd8 Kg7 36. Rd6 Qf7 37. Rf6 Qe8 38. Rfxc6 Kg8 39. Re6 Qc8 40.
Qxc8+ Nxc8 41. Re8+ Kg7 42. Rexc8 Kh6 43. h4 Kh5 44. g3 Kg4 45. Kg2 g5 46. f3+
1-0

[Event "Open Vitrolles 2022/2023"]
[Site "Vitrolles"]
[Date "2022.10.08"]
[Round "1.8"]
[White "Piquemal, Jean-Christophe"]
[Black "Frailinu, Jean-Bernard"]
[Result "1/2-1/2"]
[WhiteElo "1185"]
[BlackElo "1396"]
[PlyCount "108"]

1. d4 d5 2. c4 e6 3. Nc3 Nf6 4. Nf3 a6 5. Bg5 dxc4 6. e4 Be7 7. Bxc4 O-O 8. O-O
h6 9. Bxf6 Bxf6 10. a4 Nc6 11. d5 Na5 12. Ba2 e5 13. Nd2 b6 14. Nc4 Nb7 15. Qh5
Qe7 16. f4 exf4 17. Rxf4 Bg5 18. Rff1 g6 19. Qf3 Nd6 20. Kh1 Nxc4 21. Bxc4 Bb7
22. Rae1 Kg7 23. e5 Qc5 24. Qd3 Bc8 25. e6 f5 26. Ne2 Bb7 27. Qd4+ Bf6 28. Qxc5
bxc5 29. b3 Be7 30. Nf4 Rfe8 31. Rf3 Bd6 32. Ref1 Be7 33. Nd3 c6 34. dxc6 Bxc6
35. Rg3 Red8 36. Nf4 Bg5 37. Nd3 Bd5 38. Nxc5 Bxc4 39. bxc4 Rdc8 40. Nd7 Rxc4
41. a5 Re4 42. Nc5 Re5 43. Rc3 Be7 44. Rfc1 Bxc5 45. Rxc5 Rxe6 46. Rc7+ Kf6 47.
h3 h5 48. R1c6 Rxc6 49. Rxc6+ Kg5 50. Kg1 Kh4 51. Kf2 g5 52. Rf6 f4 53. Kf3 Ra7
54. Rb6 Ra8 1/2-1/2

[Event "Open Vitrolles 2022/2023"]
[Site "Vitrolles"]
[Date "2022.10.08"]
[Round "1.9"]
[White "Benoit-Lizon, Alain"]
[Black "Pietrac, Christian"]
[Result "1-0"]
[WhiteElo "1382"]
[BlackElo "1180"]
[PlyCount "83"]

1. e4 g6 2. Nc3 Bg7 3. Nf3 a6 4. Bc4 e6 5. d4 Ne7 6. Be3 O-O 7. Qd2 d6 8. Bh6
Nd7 9. Bxg7 Kxg7 10. h4 c5 11. dxc5 Nxc5 12. O-O-O b5 13. Be2 Bb7 14. h5 Nxe4
15. Nxe4 Bxe4 16. Qd4+ Kg8 17. Qxe4 f5 18. Qd4 e5 19. Qxd6 Qxd6 20. Rxd6 Rfd8
21. Rxd8+ Rxd8 22. Nxe5 Rd5 23. f4 g5 24. Nd3 g4 25. Ne5 Kg7 26. Bd3 Rd4 27. g3
Kf6 28. Re1 Rd6 29. c3 Nd5 30. Bc2 Ne7 31. a4 h6 32. axb5 axb5 33. c4 bxc4 34.
Nxc4 Ra6 35. b3 Nd5 36. Bxf5 Ra1+ 37. Bb1 Nc3 38. Kb2 Rxb1+ 39. Rxb1 Nxb1 40.
Kxb1 Ke6 41. Kc2 Kd5 42. Kd3 1-0

[Event "Open Vitrolles 2022/2023"]
[Site "Vitrolles"]
[Date "2022.10.08"]
[Round "1.10"]
[White "Porte, Jacques"]
[Black "Kosteniuk, Kristina"]
[Result "0-1"]
[WhiteElo "1178"]
[BlackElo "1371"]
[PlyCount "106"]

1. d4 f5 2. Nf3 Nf6 3. Nc3 e6 4. Bg5 d5 5. e3 Bd6 6. Bd3 O-O 7. O-O c6 8. Ne5
Qe7 9. Bf4 Nbd7 10. Nxd7 Bxd7 11. Bxd6 Qxd6 12. f4 Ne4 13. Rf3 Rf6 14. Rf1 c5
15. dxc5 Nxc5 16. Be2 Qb6 17. b3 Rc8 18. Qd4 Na6 19. Qxb6 axb6 20. Na4 Bxa4 21.
bxa4 Rxc2 22. Bxa6 bxa6 23. Rf3 Rf8 24. Rb1 Rb8 25. Rf2 Rc4 26. Rfb2 Rxa4 27.
Rxb6 Rxb6 28. Rxb6 Kf7 29. Rb2 a5 30. Kf2 Rc4 31. Ke2 Kf6 32. Kd3 g5 33. g3 h5
34. Rc2 Ra4 35. Kc3 Ra3+ 36. Kd4 h4 37. Re2 hxg3 38. hxg3 gxf4 39. gxf4 Ra4+
40. Kc5 Rc4+ 41. Kd6 d4 42. Rh2 dxe3 43. Re2 Rxf4 44. Rxe3 Re4 45. Rd3 f4 46.
Ra3 a4 47. Kc5 Kf5 48. Kb5 e5 49. Kc5 Rd4 50. Kb5 Ke4 51. Kc5 f3 52. Rc3 f2 53.
Rc1 Ke3 0-1

[Event "Open Vitrolles 2022/2023"]
[Site "Vitrolles"]
[Date "2022.10.08"]
[Round "1.11"]
[White "Mangin, Raphael"]
[Black "De Moura Navalho, Joao-Curtis"]
[Result "1-0"]
[WhiteElo "1368"]
[BlackElo "1136"]
[PlyCount "63"]

1. d4 d5 2. c4 e6 3. Nc3 c5 4. cxd5 cxd4 5. Qxd4 Nc6 6. Qd1 Nb4 7. e4 Nf6 8. a3
Na6 9. Bc4 Nc7 10. Nf3 Bc5 11. O-O O-O 12. b4 Bb6 13. d6 Nce8 14. e5 Nd7 15.
Bb2 a5 16. Ne4 Nb8 17. b5 a4 18. Nc3 f6 19. Nxa4 fxe5 20. Bxe5 Rf5 21. Nxb6
Qxb6 22. Qd3 g6 23. Qb3 Ng7 24. Rfe1 Ra5 25. a4 Kf8 26. Nd4 Rf7 27. Re2 Nd7 28.
Bxg7+ Rxg7 29. Nxe6+ Kf7 30. Nxg7+ Kxg7 31. Qc3+ Nf6 32. Re7+ 1-0

[Event "Open Vitrolles 2022/2023"]
[Site "Vitrolles"]
[Date "2022.10.08"]
[Round "1.12"]
[White "Coquet, Bruno"]
[Black "Javos, Yves-Andre"]
[Result "1-0"]
[WhiteElo "1130"]
[BlackElo "1356"]
[PlyCount "107"]

1. e4 c5 2. Nf3 d6 3. d4 cxd4 4. Nxd4 Bd7 5. g3 Nc6 6. Bg2 a6 7. a4 e6 8. O-O
Be7 9. Nc3 Bf6 10. Nce2 Nge7 11. c3 O-O 12. Re1 e5 13. Nf3 Qc7 14. Kh1 Rad8 15.
Neg1 Be6 16. Bg5 Bxg5 17. Nxg5 h6 18. N5f3 f5 19. Bh3 Qc8 20. Nh4 g5 21. Nxf5
Bxf5 22. exf5 Nxf5 23. Qc2 g4 24. Bg2 Rf6 25. b4 Rdf8 26. Rad1 Kg7 27. Re4 h5
28. Rc4 Qd7 29. b5 axb5 30. axb5 Nce7 31. b6 Nc6 32. Qa4 Nfe7 33. f3 gxf3 34.
Nxf3 Rxf3 35. Bxf3 Rxf3 36. Rh4 Qf5 37. Qc4 Ng6 38. Re4 Qh3 39. Ree1 Rxg3 40.
Rg1 Rxg1+ 41. Rxg1 Qf3+ 42. Rg2 e4 43. Qe2 Nce5 44. Qxf3 Nxf3 45. Re2 d5 46. c4
Ne7 47. cxd5 Nxd5 48. Rxe4 Nxb6 49. Re7+ Kg6 50. Re6+ Kg5 51. Rxb6 Kg4 52. Rxb7
Kh3 53. Rb3 Kg4 54. Kg2 1-0

[Event "Open Vitrolles 2022/2023"]
[Site "Vitrolles"]
[Date "2022.11.19"]
[Round "2.1"]
[White "Briquet, Xavier"]
[Black "Duval, Jean-Pierre"]
[Result "0-1"]
[WhiteElo "1424"]
[BlackElo "1630"]
[PlyCount "74"]

1. e4 e6 2. d4 d5 3. Nc3 dxe4 4. Nxe4 Nd7 5. Bd3 Ngf6 6. Bg5 Be7 7. Nf3 Nxe4 8.
Bxe7 Nxf2 9. Kxf2 Qxe7 10. Rf1 Nf6 11. Ne5 Bd7 12. Kg1 O-O-O 13. c3 Kb8 14. a4
Rhf8 15. Qb3 Qd6 16. a5 a6 17. Qc2 c5 18. Nc4 Qc7 19. Qe2 Bb5 20. dxc5 Qxc5+
21. Kh1 Rxd3 22. Qxd3 Bxc4 23. Qg3+ Kc8 24. Rfd1 Ne4 25. Qf3 Nf2+ 26. Kg1 Nxd1+
27. Kh1 Ne3 28. b4 Qg5 29. Re1 Bd5 30. Qf2 Bxg2+ 31. Kg1 Bh3+ 32. Qg3 Qxg3+ 33.
hxg3 Nd5 34. Kh2 Bf5 35. Re5 f6 36. Re1 Kd7 37. Rd1 Rc8 0-1

[Event "Open Vitrolles 2022/2023"]
[Site "Vitrolles"]
[Date "2022.11.19"]
[Round "2.2"]
[White "Roger, Patrick"]
[Black "Chauvet, Joelle"]
[Result "0-1"]
[WhiteElo "1565"]
[BlackElo "1379"]
[PlyCount "72"]

1. e4 e5 2. Nf3 d6 3. d4 exd4 4. Nxd4 Be7 5. Nc3 Nf6 6. Be2 O-O 7. O-O c5 8.
Nb3 Nc6 9. f4 a6 10. Be3 b5 11. Bf3 Rb8 12. Nd5 Nxd5 13. exd5 Na5 14. Nxa5 Qxa5
15. Qe2 Bf6 16. c3 Bd7 17. Be4 Rbe8 18. Qc2 g6 19. Rfe1 b4 20. c4 Qd8 21. f5 g5
22. Bf2 Be5 23. Qe2 Qf6 24. Qg4 Bxb2 25. Rab1 Bc3 26. Red1 Re7 27. h4 h6 28.
Be3 Bxf5 29. Bxf5 Rxe3 30. Rf1 Qd4 31. Kh2 Qxg4 32. Bxg4 gxh4 33. Rf2 Kg7 34.
Rbf1 f6 35. Be6 Be5+ 36. Kh1 Rc3 0-1

[Event "Open Vitrolles 2022/2023"]
[Site "Vitrolles"]
[Date "2022.11.19"]
[Round "2.3"]
[White "Benoit-Lizon, Alain"]
[Black "Mata, Thierry"]
[Result "1/2-1/2"]
[WhiteElo "1387"]
[BlackElo "1476"]
[PlyCount "116"]

1. e4 c5 2. Nf3 Nc6 3. Bb5 g6 4. Bxc6 bxc6 5. O-O Bg7 6. d4 cxd4 7. Nxd4 Rb8 8.
c3 e5 9. Nb3 d6 10. N1d2 Be6 11. Re1 Nf6 12. Nf3 h6 13. Bd2 O-O 14. Qc2 Nd7 15.
Rad1 Qe7 16. Be3 Nb6 17. Na5 Rfc8 18. Qd2 d5 19. Bxb6 axb6 20. Nxc6 Rxc6 21.
exd5 Rd6 22. c4 Bg4 23. Re3 Bxf3 24. Rxf3 e4 25. Re1 f5 26. Rfe3 Be5 27. b3 Bf4
28. f3 Qg5 29. fxe4 fxe4 30. Qd4 Bxe3+ 31. Rxe3 Qf5 32. Rxe4 Rf8 33. Re1 Rdf6
34. h3 Qf2+ 35. Qxf2 Rxf2 36. Re6 R2f6 37. Re7 R8f7 38. Re8+ Kg7 39. a4 Rf1+
40. Kh2 Rb7 41. Re3 Kf7 42. Rd3 h5 43. a5 bxa5 44. c5 Rc7 45. c6 Re1 46. d6
Rxc6 47. d7 Re8 48. dxe8=Q+ Kxe8 49. Rd5 Rb6 50. Rxa5 Rxb3 51. Ra7 Rb6 52. h4
Kf8 53. Kg3 Rf6 54. Kh3 Re6 55. Kg3 Rf6 56. Rb7 Rf1 57. Kh3 Rh1+ 58. Kg3 Rf1
1/2-1/2

[Event "Open Vitrolles 2022/2023"]
[Site "Vitrolles"]
[Date "2022.11.19"]
[Round "2.4"]
[White "Kosteniuk, Kristina"]
[Black "Cens, Alain"]
[Result "1-0"]
[WhiteElo "1393"]
[BlackElo "1462"]
[PlyCount "47"]

1. Nf3 d5 2. e3 Bg4 3. d4 e6 4. b3 Nd7 5. Bb2 Bd6 6. Nbd2 f5 7. Be2 Ngf6 8. h3
Bxf3 9. Nxf3 Qe7 10. Rc1 Ne4 11. Nd2 Nxf2 12. Kxf2 Qh4+ 13. Kg1 O-O 14. c4 c6
15. Nf3 Qh6 16. Qd3 Nf6 17. Ne5 Ne4 18. Bf3 Rac8 19. Bxe4 fxe4 20. Qe2 Bxe5 21.
dxe5 Rf5 22. Kh2 Rcf8 23. Ba3 Rf2 24. Rhf1 1-0

[Event "Open Vitrolles 2022/2023"]
[Site "Vitrolles"]
[Date "2022.11.19"]
[Round "2.5"]
[White "Scamaroni, Jean-Paul"]
[Black "Mangin, Raphael"]
[Result "1-0"]
[WhiteElo "1450"]
[BlackElo "1419"]
[PlyCount "96"]

1. d4 d5 2. c4 c6 3. Nf3 Nf6 4. Nc3 e6 5. Bg5 dxc4 6. a4 Be7 7. e3 O-O 8. Bxc4
Nbd7 9. O-O Nb6 10. Bb3 Nfd5 11. Bxe7 Qxe7 12. a5 Nxc3 13. bxc3 Nd5 14. Qd3 Bd7
15. Ne5 Rfc8 16. Nxd7 Qxd7 17. Bc2 g6 18. e4 Ne7 19. f4 c5 20. Rad1 Qc7 21. d5
exd5 22. exd5 Qxa5 23. d6 Nc6 24. f5 Qb6 25. c4 Ne5 26. Qd5 Qb2 27. fxg6 Qxc2
28. gxf7+ Nxf7 29. Qxf7+ Kh8 30. Qf6+ Kg8 31. Qe6+ Kh8 32. d7 Rf8 33. Qe5+ Kg8
34. Rxf8+ Rxf8 35. Qg5+ Kf7 36. Rf1+ Ke6 37. Rxf8 Qd1+ 38. Rf1 Qd4+ 39. Kh1
Kxd7 40. Qf5+ Kc7 41. Qxh7+ Kb6 42. Qb1+ Kc6 43. Qb5+ Kd6 44. Qxb7 Qxc4 45.
Rf6+ Ke5 46. Qe7+ Kd4 47. Rf4+ Kc3 48. Rxc4+ Kxc4 1-0

[Event "Open Vitrolles 2022/2023"]
[Site "Vitrolles"]
[Date "2022.11.19"]
[Round "2.6"]
[White "Frailinu, Jean-Bernard"]
[Black "Coquet, Bruno"]
[Result "1-0"]
[WhiteElo "1397"]
[BlackElo "1146"]
[PlyCount "93"]

1. c4 c5 2. Nc3 Nf6 3. Nf3 d6 4. g3 g6 5. d4 cxd4 6. Nxd4 Bg7 7. Bg2 O-O 8. O-O
e5 9. Ndb5 Qe7 10. Qxd6 Qxd6 11. Nxd6 Nc6 12. Nxc8 Raxc8 13. b3 e4 14. Ba3 Rfe8
15. Rad1 e3 16. Nb5 Rcd8 17. fxe3 Rxd1 18. Rxd1 h5 19. Bf3 Bh6 20. Kf1 Ng4 21.
Bxg4 hxg4 22. Nd4 Bxe3 23. Nxc6 bxc6 24. Rd6 Re6 25. Rd8+ Kh7 26. Bb2 Kh6 27.
Rd7 f5 28. Bg7+ Kg5 29. Bf8 f4 30. Be7+ Kf5 31. c5 fxg3 32. hxg3 Re5 33. Rxa7
Bxc5 34. Bxc5 Rxc5 35. Rf7+ Ke6 36. Rf4 Rf5 37. Kg2 Rxf4 38. gxf4 Kf5 39. Kg3
g5 40. fxg5 Kxg5 41. e4 Kf6 42. Kxg4 Ke5 43. Kf3 Kd4 44. Kf4 c5 45. Kf5 Kc3 46.
Ke5 Kd3 47. Kd5 1-0

[Event "Open Vitrolles 2022/2023"]
[Site "Vitrolles"]
[Date "2022.11.19"]
[Round "2.7"]
[White "Javos, Yves-Andre"]
[Black "Piquemal, Jean-Christophe"]
[Result "0-1"]
[WhiteElo "1310"]
[BlackElo "1199"]
[PlyCount "82"]

1. e4 d5 2. exd5 Nf6 3. Nc3 Nxd5 4. Nxd5 Qxd5 5. Nf3 Bg4 6. Be2 Nc6 7. O-O e6
8. Re1 Bd6 9. c3 O-O 10. d4 Rfe8 11. h3 Bh5 12. Be3 Rad8 13. Nh2 Bg6 14. b3 e5
15. c4 Qe6 16. d5 Qd7 17. dxc6 Qxc6 18. Qc1 e4 19. a4 Be5 20. Ra2 a6 21. Nf1 h6
22. Rd1 f5 23. Rad2 Rd6 24. Rxd6 cxd6 25. Bf4 Qb6 26. Bxe5 Rxe5 27. Qc3 Bf7 28.
Ne3 f4 29. Nd5 Bxd5 30. Rxd5 Re6 31. c5 Qc6 32. b4 Qxd5 33. Bc4 Qd1+ 34. Kh2
Kf7 35. b5 d5 36. Qb3 Qxb3 37. Bxb3 Re5 38. c6 bxc6 39. bxc6 Re7 40. Bxd5+ Kf6
41. Bxe4 Rxe4 0-1

[Event "Open Vitrolles 2022/2023"]
[Site "Vitrolles"]
[Date "2022.11.19"]
[Round "2.8"]
[White "Schoeni, Christine"]
[Black "Bregier, Gerard"]
[Result "0-1"]
[WhiteElo "1199"]
[BlackElo "1340"]
[PlyCount "52"]

1. Nc3 c6 2. d4 d5 3. e3 Nf6 4. Bd3 Bg4 5. Be2 Bxe2 6. Ngxe2 e6 7. O-O Bd6 8.
Nf4 Qc7 9. Qf3 Nbd7 10. Qg3 O-O-O 11. h3 e5 12. Qxg7 exf4 13. exf4 h5 14. Qxf7
Bxf4 15. Bxf4 Qxf4 16. Ne2 Qd2 17. Qe6 Rde8 18. Rad1 Qxe2 19. Qxe2 Rxe2 20. b4
Kb8 21. c3 Rxa2 22. Rd3 Re8 23. f3 Ree2 24. f4 Rxg2+ 25. Kh1 Rh2+ 26. Kg1 Rag2#
0-1

[Event "Open Vitrolles 2022/2023"]
[Site "Vitrolles"]
[Date "2022.11.19"]
[Round "2.9"]
[White "Bouriel, Michel"]
[Black "Pietrac, Christian"]
[Result "1-0"]
[WhiteElo "1324"]
[BlackElo "1170"]
[PlyCount "137"]

1. c4 Nf6 2. Nc3 g6 3. Nf3 d6 4. g3 Bg7 5. Bg2 Nbd7 6. O-O O-O 7. d3 c6 8. Bd2
Ng4 9. Qc1 a5 10. h3 Nge5 11. Ng5 Nf6 12. a3 a4 13. Qc2 h6 14. Nge4 Qa5 15.
Nxf6+ exf6 16. Qc1 Kh7 17. Nd5 Qd8 18. Ne3 f5 19. Nd1 Re8 20. Nc3 Nd7 21. Bf4
Nc5 22. Qc2 Nb3 23. Rad1 Nd4 24. Qd2 Nb3 25. Qe1 Nd4 26. Be3 Nc2 27. Qd2 Nxe3
28. fxe3 Be5 29. Kh2 Qg5 30. Rf3 Kg7 31. d4 Bf6 32. Rdf1 h5 33. d5 Bd7 34. h4
Qh6 35. Qd3 Re7 36. e4 Re5 37. dxc6 Bxc6 38. R3f2 Rae8 39. exf5 Qe3 40. Qxe3
Rxe3 41. fxg6 Bxg2 42. Kxg2 R3e6 43. gxf7 Kxf7 44. Nxa4 Rc8 45. b3 Rc6 46. Nc3
Kg6 47. Nd5 Bd4 48. Nf4+ Kh6 49. Nxe6 Bxf2 50. Rxf2 Kg6 51. Nf4+ Kh6 52. Nd5
Rc8 53. Rf6+ Kg7 54. Rxd6 Re8 55. Rd7+ Kg6 56. Rxb7 Rxe2+ 57. Kf3 Re1 58. Nf4+
Kh6 59. Kf2 Ra1 60. Rb6+ Kh7 61. a4 Ra2+ 62. Ke3 Ra1 63. Nxh5 Re1+ 64. Kf4 Rf1+
65. Kg4 Rf7 66. Kg5 Kg8 67. Rb8+ Kh7 68. Nf6+ Rxf6 69. Kxf6 1-0

[Event "Open Vitrolles 2022/2023"]
[Site "Vitrolles"]
[Date "2022.11.19"]
[Round "2.10"]
[White "De Moura Navalho, Joao-Curtis"]
[Black "Cortes-Sobral, Maria"]
[Result "1-0"]
[WhiteElo "1158"]
[BlackElo "1199"]
[PlyCount "55"]

1. e4 Nc6 2. d4 h6 3. Nf3 Nf6 4. Nc3 e6 5. Bb5 Bd6 6. Bxc6 bxc6 7. e5 Be7 8.
exf6 Bxf6 9. Bf4 d6 10. O-O O-O 11. Re1 Bd7 12. Qd3 e5 13. dxe5 d5 14. exf6
Qxf6 15. Bxc7 Bf5 16. Qd4 Qxd4 17. Nxd4 Bg6 18. Bd6 Rfd8 19. Bc5 a5 20. Nxc6
Rd7 21. Re7 Rxe7 22. Nxe7+ Kh7 23. Nxg6 Kxg6 24. Rd1 Rd8 25. Rxd5 Re8 26. Be3
Rb8 27. b3 Rc8 28. Bd4 1-0

[Event "Open Vitrolles 2022/2023"]
[Site "Vitrolles"]
[Date "2022.11.19"]
[Round "2.11"]
[White "Daubord, Christophe"]
[Black "Porte, Jacques"]
[Result "0-1"]
[WhiteElo "1199"]
[BlackElo "1152"]
[PlyCount "76"]

1. b3 d5 2. Bb2 Nf6 3. Nc3 e6 4. e3 Nc6 5. Qe2 a6 6. O-O-O Bd6 7. g3 O-O 8. Bg2
Qe7 9. e4 d4 10. Nb1 e5 11. Nf3 Bg4 12. c3 b5 13. cxd4 exd4 14. d3 Bb4 15. Nbd2
Ba3 16. Nb1 Bxb2+ 17. Kxb2 b4 18. Rc1 Qd6 19. e5 Nxe5 20. Qe1 Nxd3+ 21. Kc2
Nxe1+ 22. Nxe1 Qc5+ 23. Kb2 Qe7 24. Nc2 Qe2 25. Rhf1 Rfe8 26. Rce1 Qb5 27. Nxd4
Qb6 28. Nc2 Rxe1 29. Nxe1 Qd4+ 30. Kc1 Re8 31. Nc2 Qc5 32. f4 Re2 33. Nd2 Rxg2
34. Rh1 Bf5 35. Nc4 Rxc2+ 36. Kb1 Rxh2+ 37. Ka1 Qd4+ 38. Nb2 Qxb2# 0-1

[Event "Open Vitrolles 2022/2023"]
[Site "Vitrolles"]
[Date "2022.11.19"]
[Round "2.12"]
[White "Rannou, Danielle"]
[Black "Guillaud, Florence"]
[Result "1-0"]
[WhiteElo "1097"]
[BlackElo "1199"]
[PlyCount "99"]

1. e4 c6 2. d4 d5 3. e5 Bf5 4. Nf3 e6 5. Bd3 Bxd3 6. Qxd3 c5 7. b3 Nc6 8. Bb2
cxd4 9. Bxd4 Nh6 10. O-O Nf5 11. Bb2 d4 12. Re1 Be7 13. g4 Nh4 14. Nxd4 Qd5 15.
Qe4 Nxd4 16. Qxd5 Ndf3+ 17. Kf1 exd5 18. Rd1 Nxh2+ 19. Kg1 N2f3+ 20. Kf1 Rd8
21. Nc3 Nh2+ 22. Ke2 N2f3 23. Nxd5 Bc5 24. Rd3 O-O 25. Rad1 Rfe8 26. b4 Nxe5
27. Bxe5 Rxe5+ 28. Kf1 Bf8 29. f4 Ree8 30. f5 f6 31. Kf2 Re4 32. Kg3 Re2 33.
Kxh4 Rh2+ 34. Kg3 Bd6+ 35. Nf4 Rxc2 36. Rxd6 Rcc8 37. Rxd8+ Rxd8 38. Rxd8+ Kf7
39. Rd7+ Ke8 40. Rxg7 h6 41. Rg6 Ke7 42. Rxh6 Kd7 43. Rxf6 Ke7 44. Re6+ Kd7 45.
g5 b6 46. g6 Kc7 47. g7 Kb7 48. g8=Q Ka6 49. Qc8+ Kb5 50. Qc6+ 1-0

[Event "Open Vitrolles 2022/2023"]
[Site "Vitrolles"]
[Date "2022.12.03"]
[Round "3.1"]
[White "Duval, Jean-Pierre"]
[Black "Kosteniuk, Kristina"]
[Result "1/2-1/2"]
[WhiteElo "1630"]
[BlackElo "1393"]
[PlyCount "128"]

1. e4 d5 2. exd5 Qxd5 3. Nc3 Qa5 4. d4 Nf6 5. g3 c6 6. Bg2 Bf5 7. Nge2 e6 8.
O-O Nbd7 9. Bd2 Qc7 10. Rb1 Bd6 11. b4 O-O 12. Na4 Nd5 13. Rb3 b5 14. Nc5 N7b6
15. Ne4 Nc4 16. Nxd6 Qxd6 17. Bf4 Nxf4 18. Nxf4 a5 19. Nd3 Rfc8 20. bxa5 Qxd4
21. Nb4 Qc5 22. a6 Na5 23. Rb1 Ra7 24. Qe2 Qc3 25. Qf3 Qxf3 26. Bxf3 c5 27. Nd3
b4 28. Rfd1 Bxd3 29. Rxd3 Rxa6 30. Rbd1 h6 31. Be4 g6 32. Rd8+ Rxd8 33. Rxd8+
Kg7 34. Rc8 Nc4 35. Bd3 Rxa2 36. Bxc4 Rxc2 37. Rxc5 b3 38. Rb5 Rxc4 39. Rxb3
Kf6 40. Rf3+ Ke7 41. Ra3 f5 42. Ra7+ Kf6 43. Rh7 h5 44. h4 f4 45. Kg2 fxg3 46.
Kxg3 e5 47. Rh8 Rc3+ 48. f3 Kf7 49. Rh7+ Kf6 50. Rh8 Rc7 51. Rf8+ Rf7 52. Ra8
Kf5 53. Ra5 Rd7 54. Rb5 Rd3 55. Ra5 Rd1 56. Rb5 Ke6 57. Ra5 Rd5 58. Ra6+ Kf5
59. Rb6 g5 60. Rb8 gxh4+ 61. Kxh4 Kf4 62. Rf8+ Ke3 63. Kxh5 e4+ 64. Kg4 exf3
1/2-1/2

[Event "Open Vitrolles 2022/2023"]
[Site "Vitrolles"]
[Date "2022.12.03"]
[Round "3.2"]
[White "Chauvet, Joelle"]
[Black "Scamaroni, Jean-Paul"]
[Result "1-0"]
[WhiteElo "1379"]
[BlackElo "1450"]
[PlyCount "89"]

1. d4 Nf6 2. Nf3 e6 3. c4 b6 4. e3 Bb7 5. Be2 Bb4+ 6. Bd2 Bxd2+ 7. Nbxd2 O-O 8.
O-O d5 9. Ne5 Nfd7 10. Ndf3 f6 11. Nxd7 Nxd7 12. Rc1 Rc8 13. c5 bxc5 14. dxc5
c6 15. Nd4 Re8 16. b4 Nf8 17. Qc2 g6 18. f4 e5 19. fxe5 fxe5 20. Nf3 e4 21. Nd4
Qg5 22. Rf4 Nd7 23. Rcf1 Ne5 24. h3 Re7 25. Qc3 Rce8 26. a4 h5 27. Qe1 Nf3+ 28.
Bxf3 exf3 29. R1xf3 Qe5 30. Qg3 g5 31. Nf5 Kh8 32. Qxg5 Rh7 33. Rg3 Bc8 34. Nd6
Qxg5 35. Rxg5 Rd8 36. Nf7+ Rxf7 37. Rxf7 Re8 38. Kf2 a5 39. bxa5 Ba6 40. Rxh5+
Kg8 41. Ra7 Rf8+ 42. Kg3 Bd3 43. Rg5+ Kh8 44. Rc7 Bc2 45. Rxc6 1-0

[Event "Open Vitrolles 2022/2023"]
[Site "Vitrolles"]
[Date "2022.12.03"]
[Round "3.3"]
[White "Mata, Thierry"]
[Black "Frailinu, Jean-Bernard"]
[Result "1/2-1/2"]
[WhiteElo "1476"]
[BlackElo "1397"]
[PlyCount "92"]

1. d4 d5 2. Bf4 Bf5 3. e3 e6 4. Bd3 Bg6 5. Bxg6 hxg6 6. Qd3 c6 7. Nf3 Bd6 8.
Be5 Nf6 9. h3 Qc7 10. Nbd2 Nbd7 11. Bxd6 Qxd6 12. O-O-O a5 13. Ng5 Nh7 14. h4
Qe7 15. Ndf3 Qf6 16. Kb1 Qf5 17. Qe2 f6 18. g4 Qxg4 19. Rdg1 Qf5 20. e4 dxe4
21. Nxe4 Ke7 22. Ng3 Qd5 23. c4 Qd6 24. Re1 Nhf8 25. h5 Kf7 26. hxg6+ Nxg6 27.
Ne4 Qe7 28. c5 Ndf8 29. Nd6+ Kg8 30. Reg1 Rxh1 31. Rxh1 Nf4 32. Qe4 g5 33. Rg1
Rb8 34. Qxf4 Qh7+ 35. Ne4 Nd7 36. Kc1 Qf5 37. Nxf6+ Qxf6 38. Rxg5+ Kf7 39. Qe3
Rf8 40. Rg4 Ke7 41. Rg3 Qf4 42. Ng5 e5 43. Nh7 Rf7 44. Ng5 Rf8 45. Nh7 Rf7 46.
Ng5 Rf8 1/2-1/2